000 00279nam a2200109Ia 4500
008 190216s9999||||xx |||||||||||||| ||und||
100 _aMolkov
245 0 _aArude Yugam Manushyandeyo Manthirka Manushyanetho
260 _bCurrent Books
650 _aMalayalam Essays
942 _cBK
999 _c24652
_d24652